Propuesta de indicadores para un periodismo de calidad en México /
Tallennettuna:
| Muut tekijät: | |
|---|---|
| Aineistotyyppi: | Kirja |
| Kieli: | espanja |
| Julkaistu: |
México :
Red Periodismo de Calidad,
2006, c2006
|
| Aiheet: | |
| Tagit: |
Ei tageja, Lisää ensimmäinen tagi!
|
MARC
| LEADER | 00000nam^a2200000^a^4500 | ||
|---|---|---|---|
| 001 | 000318383 | ||
| 005 | 20250620000000.0 | ||
| 009 | 20260310113411.004 | ||
| 037 | |a Acervo ITESO - Biblioteca | ||
| 041 | |a ESP | ||
| 082 | |a 302. 2310972 |b PRO | ||
| 245 | 0 | 0 | |a Propuesta de indicadores para un periodismo de calidad en México / |c Coord. de J. Buendía Hegewisch. |
| 264 | 4 | |a México : |b Red Periodismo de Calidad, |c 2006, c2006 | |
| 300 | |a 147 p. | ||
| 336 | |a texto |b txt |2 rdacontenido | ||
| 337 | |a sin mediación |b n |2 rdamedio | ||
| 338 | |a volumen |b nc |2 rdasoporte | ||
| 649 | |a XX | ||
| 650 | |a Periodismo - |z México - |x Tema Principal | ||
| 650 | |a Periodismo - |z México - |x Historia - |y 2000-2006 | ||
| 650 | |a Periodismo - |z México - |x Historia - |y Siglo XXI | ||
| 650 | |a Medios de Comunicación - |z México | ||
| 650 | |a Comunicación y Política - |z México | ||
| 650 | |a Comunicación Masiva - |z México | ||
| 700 | |a Buendía Hegewisch, José |e (coordinación) | ||
| 910 | |a Fondo General | ||
| 920 | |a Impresos - Libros | ||
| 930 | |a Colección General | ||
| 905 | |a 101 | ||
| 901 | |a 0500205524 |b IT1 |c ACC |d DT |i D57419 |u 20250620 | ||
| 902 | |a https://opac.biblio.iteso.mx/vufind/Record/000318383 | ||